[Event "Nordic-chT U17"]
[Site "Fredericia"]
[Date "2023.01.22"]
[Round "5.1"]
[White "Moisio, Miska"]
[Black "Medhus, Vitus Bondo"]
[Result "1-0"]
[WhiteElo "1539"]
[BlackElo "2101"]
[PlyCount "45"]
[EventDate "2023.01.20"]
[EventType "team-tourn"]
[EventRounds "5"]
[EventCountry "DEN"]
[SourceTitle "CBM 213 Extra"]
[Source "ChessBase"]
[SourceDate "2023.05.31"]
[SourceVersion "1"]
[SourceVersionDate "2023.05.31"]
[SourceQuality "1"]
[WhiteTeam "Finland"]
[BlackTeam "Denmark II"]
[WhiteTeamCountry "FIN"]
[BlackTeamCountry "DEN"]

1. d4 e6 2. c4 f5 3. Nc3 Nf6 4. Nf3 Bb4 5. Qb3 Bxc3+ 6. Qxc3 0-0 7. Bf4 b6 8. e3 Ne4 9. Qc2 g5 10. Bg3 h5 11. Bd3 Bb7 12. d5 Nc5 13. Be5 d6 14. Bc3 Nxd3+ 15. Qxd3 e5 16. Nxe5 dxe5 17. Bxe5 Qe7 18. Bc3 Qe4 19. Qe2 Qxg2 20. Qxh5 Rd8 21. Qg6+ Kf8 22. Bg7+ Ke7 23. Qf6+ 1-0

[Event "Nordic-chT U17"]
[Site "Fredericia"]
[Date "2023.01.20"]
[Round "1.1"]
[White "Burgaard, Kristian Gade"]
[Black "Moisio, Miska"]
[Result "1-0"]
[WhiteElo "1991"]
[BlackElo "1539"]
[PlyCount "83"]
[EventDate "2023.01.20"]
[EventType "team-tourn"]
[EventRounds "5"]
[EventCountry "DEN"]
[SourceTitle "CBM 213 Extra"]
[Source "ChessBase"]
[SourceDate "2023.05.31"]
[SourceVersion "1"]
[SourceVersionDate "2023.05.31"]
[SourceQuality "1"]
[WhiteTeam "Denmark III"]
[BlackTeam "Finland"]
[WhiteTeamCountry "DEN"]
[BlackTeamCountry "FIN"]

1. d4 d6 2. c4 e5 3. d5 f5 4. Nc3 Nf6 5. Nf3 e4 6. Nd4 c5 7. dxc6 Nxc6 8. Bg5 Be7 9. e3 0-0 10. Be2 Ne5 11. 0-0 a6 12. Rc1 Qe8 13. Qb3 Kh8 14. Bxf6 Bxf6 15. Nd5 Qg6 16. Nc7 Rb8 17. Nxa6 Ra8 18. Nc7 Rb8 19. Nd5 Bd7 20. Qb4 Bg5 21. Nf4 Qh6 22. Rfd1 Rf6 23. c5 Bxf4 24. exf4 Qxf4 25. g3 Qh6 26. cxd6 Rxd6 27. Qc5 Qf6 28. Nb5 Rxd1+ 29. Rxd1 Bc6 30. Nd4 Nf3+ 31. Bxf3 exf3 32. Qxf5 Qd6 33. Qf4 Qxf4 34. gxf4 Rd8 35. Rd2 Re8 36. Kf1 Bd7 37. Nxf3 Bc6 38. Ne5 Be4 39. Re2 Bd5 40. Ng6+ hxg6 41. Rxe8+ Kh7 42. a3 1-0

[Event "Nordic-ch U15"]
[Site "Helsingborg"]
[Date "2022.08.28"]
[Round "6"]
[White "Moisio, Miska"]
[Black "Trost, Edvin"]
[Result "0-1"]
[WhiteElo "1437"]
[BlackElo "2370"]
[PlyCount "69"]
[EventDate "2022.08.26"]
[EventType "swiss"]
[EventRounds "6"]
[EventCountry "SWE"]
[SourceTitle "EXT 2023"]
[Source "ChessBase"]
[SourceDate "2022.10.05"]
[SourceVersion "1"]
[SourceVersionDate "2022.10.05"]
[SourceQuality "1"]

1. d4 g6 2. c4 Bg7 3. f3 d5 4. Nc3 dxc4 5. e3 Nf6 6. Bxc4 0-0 7. Nge2 Nc6 8. e4 e5 9. d5 Na5 10. Bd3 c5 11. b3 Ne8 12. Be3 b6 13. Na4 Nd6 14. Nb2 Bh6 15. Qd2 Bxe3 16. Qxe3 Qh4+ 17. Qf2 Qe7 18. g4 Bd7 19. Rc1 f5 20. gxf5 gxf5 21. Qg3+ Kh8 22. h4 Rg8 23. Qh2 fxe4 24. fxe4 Rg4 25. Nc3 Rag8 26. Rc2 b5 27. Rf2 c4 28. bxc4 bxc4 29. Be2 Rg3 30. Kd2 Rh3 31. Qxh3 Bxh3 32. Rxh3 Qb7 33. Kc2 Rb8 34. Nba4 Nxe4 35. Rf8+ 0-1

[Event "EU-ch U12"]
[Site "Bratislava"]
[Date "2019.08.10"]
[Round "9"]
[White "Vermehren, Nicolas"]
[Black "Moisio, Miska"]
[Result "1-0"]
[WhiteElo "1200"]
[BlackElo "1271"]
[PlyCount "85"]
[EventDate "2019.08.02"]
[EventType "swiss"]
[EventRounds "9"]
[EventCountry "SVK"]
[SourceTitle "EXT 2020"]
[Source "ChessBase"]
[SourceDate "2019.10.17"]
[SourceVersion "1"]
[SourceVersionDate "2019.10.17"]
[SourceQuality "1"]

1. e4 d6 2. d4 Nf6 3. Nc3 e5 4. Nf3 Nbd7 5. Bc4 Be7 6. a4 a5 7. Ng5 0-0 8. Bxf7+ Rxf7 9. Ne6 Qe8 10. Nxc7 Qd8 11. Nxa8 Nf8 12. dxe5 dxe5 13. Qxd8 Bxd8 14. Be3 N8d7 15. Nb5 Ne8 16. 0-0-0 b6 17. Rd2 Bb7 18. Rhd1 Bc6 19. Nd6 Nxd6 20. Rxd6 Bxa8 21. Rxd7 Rxd7 22. Rxd7 Bf6 23. Bxb6 Bxe4 24. Bxa5 Bxg2 25. Rd3 e4 26. Rg3 Bf3 27. Bd2 Bh4 28. b4 Bxg3 29. hxg3 Bg4 30. c4 Kf7 31. b5 Ke7 32. Bf4 Bc8 33. Kb2 h6 34. Kc3 g5 35. Be3 Kd6 36. c5+ Kc7 37. a5 Kb7 38. a6+ Ka7 39. c6+ Kb8 40. Kb4 Kc7 41. a7 Bb7 42. cxb7 Kxb7 43. Kc4 1-0

[Event "EU-ch U12"]
[Site "Bratislava"]
[Date "2019.08.09"]
[Round "8"]
[White "Heric, Luka"]
[Black "Moisio, Miska"]
[Result "1/2-1/2"]
[WhiteElo "1215"]
[BlackElo "1271"]
[PlyCount "51"]
[EventDate "2019.08.02"]
[EventType "swiss"]
[EventRounds "9"]
[EventCountry "SVK"]
[SourceTitle "EXT 2020"]
[Source "ChessBase"]
[SourceDate "2019.10.17"]
[SourceVersion "1"]
[SourceVersionDate "2019.10.17"]
[SourceQuality "1"]

1. e4 d6 2. d4 Nf6 3. Nc3 e5 4. Nge2 Nbd7 5. f3 Be7 6. Be3 0-0 7. Qd2 c6 8. g4 Ne8 9. 0-0-0 Nc7 10. Ng3 b6 11. Nf5 Bb7 12. Nxe7+ Qxe7 13. h4 d5 14. exd5 Nxd5 15. Nxd5 cxd5 16. g5 Rac8 17. h5 g6 18. h6 f6 19. f4 exf4 20. Bxf4 f5 21. Re1 Qf7 22. Be5 Nxe5 23. Rxe5 Rfe8 24. Rxe8+ Qxe8 25. Bg2 Qd7 26. Re1 1/2-1/2

[Event "EU-ch U12"]
[Site "Bratislava"]
[Date "2019.08.06"]
[Round "5"]
[White "Moisio, Miska"]
[Black "Kien, Lancelot"]
[Result "1/2-1/2"]
[WhiteElo "1271"]
[BlackElo "1293"]
[PlyCount "55"]
[EventDate "2019.08.02"]
[EventType "swiss"]
[EventRounds "9"]
[EventCountry "SVK"]
[SourceTitle "EXT 2020"]
[Source "ChessBase"]
[SourceDate "2019.10.17"]
[SourceVersion "1"]
[SourceVersionDate "2019.10.17"]
[SourceQuality "1"]

1. d4 d5 2. c4 dxc4 3. Nc3 Nf6 4. e4 e5 5. d5 Bd7 6. Bxc4 Bb4 7. Bg5 0-0 8. Nf3 Re8 9. 0-0 Bg4 10. Qd3 a6 11. a3 Bc5 12. b4 Ba7 13. h3 Bh5 14. Nh4 h6 15. Bd2 Nbd7 16. Qg3 Kf8 17. Rae1 Nb6 18. Bb3 Nc8 19. Nf5 Bg6 20. Nh4 Bh7 21. Nf5 Bxf5 22. exf5 Qd6 23. Ne4 Nxe4 24. Rxe4 Bd4 25. Bc3 Bxc3 26. Qxc3 Nb6 27. Rd1 Rad8 28. Qc5 1/2-1/2

[Event "EU-ch U12"]
[Site "Bratislava"]
[Date "2019.08.04"]
[Round "3"]
[White "Moisio, Miska"]
[Black "Skreko, Igor1111"]
[Result "0-1"]
[WhiteElo "1271"]
[BlackElo "1725"]
[PlyCount "96"]
[EventDate "2019.08.02"]
[EventType "swiss"]
[EventRounds "9"]
[EventCountry "SVK"]
[SourceTitle "EXT 2020"]
[Source "ChessBase"]
[SourceDate "2019.10.17"]
[SourceVersion "1"]
[SourceVersionDate "2019.10.17"]
[SourceQuality "1"]

1. d4 Nf6 2. c4 e6 3. Nc3 c5 4. d5 exd5 5. cxd5 d6 6. e4 g6 7. Nf3 Bg7 8. Bd3 0-0 9. 0-0 Re8 10. Bf4 Bg4 11. h3 Bxf3 12. Qxf3 a6 13. Qe3 b5 14. a3 b4 15. axb4 cxb4 16. Ne2 Nxd5 17. Qg3 Nxf4 18. Nxf4 Bxb2 19. Rab1 Be5 20. Qf3 Qf6 21. Nd5 Qxf3 22. gxf3 a5 23. Nc7 Nc6 24. Nxe8 Rxe8 25. Bb5 Rc8 26. Rfc1 Ne7 27. Rxc8+ Nxc8 28. Rc1 Bc3 29. Rd1 b3 30. Bd3 b2 31. Bb1 Be5 32. Rd5 a4 33. Ra5 Nb6 34. Ra6 Nc4 35. Ba2 Nd2 36. Rb6 a3 37. Kg2 b1Q 38. Rxb1 Nxb1 39. Bxb1 Kf8 40. Kf1 Ke7 41. Ke2 Kf6 42. Ke3 Kg5 43. f4+ Bxf4+ 44. Kf3 Be5 45. Ba2 Kf6 46. Kg4 h5+ 47. Kh4 Bf4 48. f3 Kg7 0-1

[Event "EU-ch U12"]
[Site "Bratislava"]
[Date "2019.08.02"]
[Round "1"]
[White "Moisio, Miska"]
[Black "Franc, Borna"]
[Result "0-1"]
[WhiteElo "1271"]
[BlackElo "1826"]
[PlyCount "98"]
[EventDate "2019.08.02"]
[EventType "swiss"]
[EventRounds "9"]
[EventCountry "SVK"]
[SourceTitle "EXT 2020"]
[Source "ChessBase"]
[SourceDate "2019.10.17"]
[SourceVersion "1"]
[SourceVersionDate "2019.10.17"]
[SourceQuality "1"]

1. d4 Nf6 2. c4 e6 3. Nc3 d5 4. Bg5 Be7 5. Nf3 0-0 6. e3 h6 7. Bh4 c6 8. Be2 Nbd7 9. 0-0 b6 10. Qc2 Bb7 11. cxd5 cxd5 12. Nd2 Rc8 13. a3 Bd6 14. Rfe1 Qc7 15. Nf1 Ne4 16. Rac1 Nxc3 17. bxc3 Bxa3 18. Ra1 Qxc3 19. Qa4 Bb2 20. Rab1 Bc6 21. Bb5 Nb8 22. Be7 Rfe8 23. Bb4 Bxb5 24. Qxb5 Qc2 25. Bd6 Qc6 26. Qxc6 Rxc6 27. Rxb2 Rxd6 28. Rc2 Rc6 29. Rxc6 Nxc6 30. Rc1 Rc8 31. Nd2 Ne7 32. Ra1 a5 33. Rb1 Rc6 34. f3 Rc2 35. Nf1 Nc8 36. e4 Rc4 37. exd5 exd5 38. Re1 Nd6 39. Rb1 b5 40. Rd1 Rc3 41. Kf2 Nc4 42. Ke2 b4 43. Rd3 Rxd3 44. Kxd3 a4 45. Kc2 b3+ 46. Kb1 a3 47. Ng3 a2+ 48. Ka1 Ne3 49. Ne2 Nc2+ 0-1